000 00332nam a22001217a 4500
008 230704b xxu||||| |||| 00| 0 eng d
082 _a343.099
_bICJ
100 _cICJ
245 _aAnnual Parliamentary Human Rights Workshop Report
_bMedia Regulation in Kenya
260 _aKenya
_c2006
300 _avarrious paging
942 _2ddc
_cBK
999 _c3616
_d3616